Ciudadana̕ y Estado democrt̀ico Reflexiones para el bien comn︢ medioambiental /

Bibliographic Details
Main Author: Gm̤ez Puerto, ℓngel B.
Format: eBook
Language:Spanish
Published: Madrid: Dykinson, 2019
Subjects:
Online Access:Acceso restringido

MARC

LEADER 00000nam a22000007a 4500
005 20190829013721.0
007 cr|||| ||||
008 190829s2019 es |||||s|||| 00||0 spa d
020 |a 978-84-1324-154-8 
035 |a 24152 
040 |a vLex 
090 |c 9321  |d 9321 
100 1 |a Gm̤ez Puerto, ℓngel B. 
245 1 0 |a Ciudadana̕ y Estado democrt̀ico  |h [Recurso electrn̤ico] :  |b Reflexiones para el bien comn︢ medioambiental /  |c ℓngel B. Gm̤ez Puerto 
256 |a Servicio en ln̕ea 
260 |a Madrid:  |b Dykinson,  |c 2019 
300 |a 1 recurso electrn̤ico 
506 1 |a Disponible solo en los productos indicados  |d vLex Global  |d vLex Global (Academic Edition, excluding Law Schools)  |d vLex Global (U.S. Academic Edition, Law Schools)  |d vLex Global (U.S. Academic Edition, excluding Law Schools)  |d vLex Global (Academic Edition, Law Schools) 
650 0 4 |a Derecho Pb︢lico y Administrativo  |z Espaą 
650 0 4 |a Administracin̤ autonm̤ica  |z Espaą 
650 0 4 |a Administracin̤ local  |z Espaą 
650 0 4 |a Derecho del Medio Ambiente  |z Espaą 
650 0 4 |a Derecho Constitucional  |z Espaą 
740 0 |a vLex Libros (Servicio en ln̕ea) 
856 4 0 |u http://vlex.com/source/ciudadania-y-estado-democratico-reflexiones-para-el-bien-comun-medioambiental-24152  |z Acceso restringido 
942 |c BOOK 
999 0 |a Public and Administrative Law 
999 0 |a Autonomous administration 
999 0 |a Local Administration 
999 0 |a Environmental Law 
999 0 |a Constitutional Law